Muzeum v roce 2003

Titel: Muzeum v roce 2003
Verfasser:
In: Muzeum (Blansko): Sborník Muzea Blansko, (2003), Seite 113-121
alle Artikel anzeigen
Veröffentlicht: 2003
Format: Aufsatz
Sprache: Tschechisch
Schlagworte:
Kein Bild verfügbar
X
alg: 39343042
001A    $01999:12-11-16 
001B    $03025:27-03-26 $t15:04:49.000 
001D    $01999:12-11-16 
001U    $0utf8 
001X    $00 
002@    $0Aox 
003@    $0393430421 
007A    $0393430421 $aHEB 
007T    $0Herdpp080639 
010@    $acze 
011@    $a2003 
013D    $RDarstellungsart $#Report writing $#Rédaction de rapports, notes et comptes rendus $#Berichtswesen $#Bericht $#Bericht $#Halbjahresbericht $#Jahresbericht $#Regierungsbericht $#Tätigkeitsbericht $#Vierteljahresbericht $#Jahresbericht Formbegriff $#Berichtswesen $#Tätigkeitsbericht Formbegriff $#Berichte $74128022-2 $8Bericht [Ts1] $9085442577 
021A    $aMuzeum v roce 2003 
028A    $7106889864X $8Nečasová, Eva$Z1952- [Tp3] $9357312805 
031A    $h113-121 $j2003 
039B    $aIn $8--Abvc--Muzeum$gBlansko [Tb1]. Sborník Muzea Blansko. - Blansko, 1995- $x200300000000000887 $907115843X 
044K    $#Muzeum Blanenska $#Muzeum Blansko $71394244150 $8Regionalmuseum von Blanensko [Tb3] $9543264319 
045F    $a069.094372090511 $eDDC23BSB 
045F/01 $a069 
045F/03 $f090511 
045F/03 $g4372 
045R    $aGeschichte 2003 
045T    $a7,41 

lok: 39343042 78

exp: 39343042 78 1 #EPN
201B/01 $026-11-17 $t03:22:49.000 
201U/01 $0utf8 
203@/01 $078954086X 
208@/01 $a12-11-16 $be 
209A/01 $a/ $f000 $x00 
220C/01 $aHerkunft: Hú Av Čr Praha 
244Z/01 $#Tschechien $#Tschechische Republik $#Tschechien $#Tschechische Republik $#Tschechenland $#Tschechei Tschechien $#Česká Republika $#Czech Republic $#ČR $74303381-7 $8--Tg1--Tschechien $x01 $9086659812 
244Z/01 $2Trx $#Böhmen $#Bohemia $#Czechy $8--Trx--Čechy $x02 $9391188941 
244Z/01 $2Trx $#Blansko $#Blanz $8--Trx--Blansko $x03 $9391195859 
244Z/01 $aGeschichte 2003 $x04 
244Z/01 $2Trx $#muuseumid $#muziejai $#Museums $#múzeumok $#muzea $#múzeá $#muzea $8--Trx--Museen $x05 $9391364944 
244Z/01 $2Trx $#tegevusaruanne $#veiklos ataskaitos $#progress reports $#tevékenységi beszámolók $#sprawozdania z działalności $#správy o činnosti $#zprávy o činnosti $8--Trx--Tätigkeitsberichte $x06 $9391354353 
244Z/01 $2Trx $8--Trx--Zeitschriftenaufsatz $x07 $9391384341 
247C/01 $82080>Marburg/Lahn, Herder-Institut, Forschungsbibliothek, Bibliographieportal $9336309341
LEADER 00000caa a22000002c 4500
001 393430421
003 DE-603
005 20260327150449.0
007 tu
008 161112s2003 xx |||| | u00||u|cze c
035 |a (DE-599)HEB393430421 
040 |a DE-603  |b ger  |c DE-603  |d DE-603 
041 |a cze 
082 0 4 |8 1\u  |a 069.094372090511  |q DE-101  |2 23/BSB 
084 |a 7,41  |2 ssgn 
085 |8 1\u  |b 069 
085 |8 1\u  |z 1  |s 090511 
085 |8 1\u  |z 2  |s 4372 
100 1 |a Nečasová, Eva  |d 1952-  |0 (DE-603)357312805  |0 (DE-588)106889864X  |2 gnd 
245 0 0 |a Muzeum v roce 2003 
264 0 |c 2003 
610 1 7 |a Regionalmuseum von Blanensko  |2 gnd  |0 (DE-588)1394244150  |0 (DE-603)543264319 
648 7 |a Geschichte 2003  |2 gnd 
655 7 |a Bericht  |2 gnd-content  |0 (DE-588)4128022-2  |0 (DE-603)085442577 
773 0 8 |i In  |a Muzeum (Blansko)  |t Sborník Muzea Blansko  |d Blansko, 1995-  |g (2003), Seite 113-121  |w (DE-603)07115843X  |w (DE-600)1427267-2 
924 0 |9 2080  |a (DE-603)78954086X  |b DE-2080  |c HES  |d d  |g /